| 000 | 01129aam a2200409 4500 | ||
|---|---|---|---|
| 005 | 20230223183548.0 | ||
| 008 | 150313b2018 xxu||||| |||| 00| 0 spa d | ||
| 020 | _a9781456260958 | ||
| 041 | _aESP | ||
| 082 | _a657 G898c7 | ||
| 100 |
_aGuajardo Cantú, Gerardo _967469 |
||
| 100 |
_aAndrade de Guajardo, Nora _967470 |
||
| 245 | _aContabilidad financiera | ||
| 250 | _a7 edición | ||
| 260 | _aMéxico | ||
| 260 | _bMcGraw Hill | ||
| 260 | _c2018 | ||
| 300 | _a436 páginas | ||
| 650 |
_aCONTABILIDAD FINANCIERA _967471 |
||
| 650 |
_aINFORMACIÓN FINANCIERA _967472 |
||
| 650 |
_aREGISTRO CONTABLE _967473 |
||
| 650 |
_aAJUSTES _967474 |
||
| 650 |
_aESTADOS FINANCIEROS _967475 |
||
| 650 |
_aCICLO CONTABLE _967476 |
||
| 650 |
_aINVERSIONES TEMPORALES _967477 |
||
| 650 |
_aCUENTAS POR COBRAR _967478 |
||
| 650 |
_aINVENTARIOS _967479 |
||
| 650 |
_aINMUEBLES _967480 |
||
| 650 |
_aPLANTA _967481 |
||
| 650 |
_aEQUIPO _967482 |
||
| 650 |
_aINTANGIBLES _967483 |
||
| 650 |
_aPASIVOS _967484 |
||
| 650 |
_aCAPITAL CONTABLE _967485 |
||
| 650 |
_aFLUJO DE EFECTIVO _967486 |
||
| 692 | _CDAE | ||
| 942 | _cBK | ||
| 999 |
_c11758 _d11758 |
||